• 首页
  • 本馆介绍
  • 公告通知
  • 最新文献
  • 馆藏检索
  • 电子资源
  • 读者导购
  • 参考咨询
  • 我的图书馆
  • 登录
  • 详细信息显示
  • 放入我的书架
  • 预约/预借图书
  • 作者相关作品
  • 分类相关作品
  • 丛书相关作品
  • 出版社相关作品

书目信息

  • 表格格式
  • 工作单格式
  • 卡片格式
题名:
法硕联考真题一本通
    
 
作者: 李夕言 , 周悟阳 编著
分册:   综合卷
出版信息: 北京   中国政法大学出版社  2018
页数: 367页
开本: 26cm
丛书名:
单 册:
中图分类: D9
科图分类:
主题词: 法律--硕士生入学考试--习题集
电子资源:
ISBN: 978-7-5620-8204-0
000 01035nam0 2200253 45
001 012001002850
005 20140926114740.0
010    @a978-7-5620-8204-0@dCNY64.00
100    @a20180819d2018 em y0chiy50 ea
101 0  @achi
102    @aCN@b110000
105    @ay zq 000yy
106    @ar
200 1  @a法硕联考真题一本通@9fa shuo lian kao zhen ti yi ben tong@i综合卷@i基础学·中国宪法学·中国法制史@e2019届@f李夕言,周悟阳编著@FLi Xi Yan, Zhou Wu Yang Bian Zhu@PLXYZWYBZ
210    @a北京@c中国政法大学出版社@d2018
215    @a367页@d26cm
300    @a厚大法硕
330    @a本书分为法理学、中国宪法学和中国法制史三部分,主要内容包括:法的本质与特征,法的起源与演进,法的作用和法的价值,法的渊源、效力与分类,宪法基本理论,宪法的变迁,国家基本制度,夏商西周春秋战国法律制度,秦汉三国两晋南北朝法律制度,隋唐宋法律制度等。
606 0  @a法律@x硕士生入学考试@j习题集
690    @aD9@v5
701  0 @a李夕言@9li xi yan@4编著
701  0 @a周悟阳@9zhou wu yang@4编著
801  0 @aCN@b上海新华@c20180901
905    @b1158713-6@dD9@e848@f4
    
    法硕联考真题一本通.综合卷.基础学·中国宪法学·中国法制史:2019届/李夕言,周悟阳编著.-北京:中国政法大学出版社,2018
    367页;26cm
    厚大法硕
    
    ISBN 978-7-5620-8204-0:CNY64.00
    本书分为法理学、中国宪法学和中国法制史三部分,主要内容包括:法的本质与特征,法的起源与演进,法的作用和法的价值,法的渊源、效力与分类,宪法基本理论,宪法的变迁,国家基本制度,夏商西周春秋战国法律制度,秦汉三国两晋南北朝法律制度,隋唐宋法律制度等。
●
相关链接 在E读中查询图书 在五车中查询图书 在当当中查询图书 在豆瓣中查询图书


正题名:法硕联考真题一本通     索取号:D9/848         预约/预借

序号 登录号 条形码 馆藏地/架位号 状态 备注
1 1158713   211587139   第一样本阅览室/ [索取号:D9/848] 在馆    
2 1158714   211587148   第一借阅区/ [索取号:D9/848] 在馆    
3 1158715   211587157   密集书库-史法系/ [索取号:D9/848] 在馆    
4 1158716   211587166   第一借阅区/ [索取号:D9/848] 在馆    
唐山师范学院图书馆 欢迎您!
大连网信软件有限公司© 版权所有